| 000 | 00650nam a2200217Ia 4500 | ||
|---|---|---|---|
| 008 | 160517s9999 xx 000 0 und d | ||
| 050 | _aBF 723 | ||
| 050 | _b.D376 2016 | ||
| 100 | _aDemesa, Dominic Martin R. | ||
| 245 | _aLevels of self-esteem and interpersonal relations of selected obese adolescents living in Las Piñas city/ | ||
| 245 | _cDominic Martin R. Demesa. | ||
| 260 | _aLas Piñas, Philippines : | ||
| 260 | _bSISC, | ||
| 260 | _c2016. | ||
| 300 | _a84 pages : | ||
| 300 | _billustrations ; | ||
| 300 | _c28 cm. | ||
| 500 | _aIncludes bibliographical references and appendices. | ||
| 521 | _aPsychology | ||
| 942 | _cTH | ||
| 999 |
_c294002 _d294002 |
||